000 00465nam a2200193Ia 4500
005 20240823024956.0
008 240823s9999||||xx |||||||||||||| ||und||
020 _a81-314-0102-2
041 _aENGLISH
082 _A356.15 P6
100 _aNasreen Taher
245 0 _aGuerrilla Marketing Comes of Age
250 _a1st
260 _c2006
_bICFA I University
500 _aYES
650 _aMarketing
_bManagement Studies
942 _cBK
999 _c185199
_d185199